{"text_format":"1","workbook":"xlsx","n_sheets":2,"sheets":["ORÇAMENTO","DADOS GERAIS"],"not_rendered":{"charts":0,"images":2,"macros":1,"external_links":0,"defined_names":6,"comments":0,"pivot_tables":0},"unopened":[],"bounds":{"document_bytes":16777216,"sheet_cells":100000,"rows_first":2000,"rows_last":500,"rows_between":2000,"halvings":0,"cell_chars":16384,"cell_head_chars":4096},"cells_cut":0,"cells_raw":0,"read":"whole","date_system":"1900"}

{"sheet":"ORÇAMENTO","index":0,"n_rows":42,"n_cols":11,"rows_kept":42,"cut":false,"hidden":false,"merged":[[37,2,37,5],[39,2,39,5]]}
[]
[]
[]
[]
[]
[]
[]
[]
[null,"TODOS OS VALORES ESTÃO NA UNIDADE MONETÁRIA REAL"]
[null,"ITEM ","SERVIÇO ","UN","QUANT.","CUSTO","BDI","PREÇO","PREÇO TOTAL","CÓDIGO ","FONTE"]
[null,1,"MURO 01",null,null,null,null,null,14599.949999999999]
[null,"1.1","Forma de Madeira Serrada para Concreto, (material e mão-de-obra para fabricação, montagem e desforma)","M2",35.97,60.1,0.2034,72.319999999999993,2601.35,"CED003","COMPOSIÇÃO"]
[null,"1.2","Armadura CA-60 - 5.0MM (fornecimento, corte, dobra e colocação)","KG",13.7,19.7,0.2034,23.71,324.83,92775,"SINAPI-C"]
[null,"1.3","Armadura CA-50 - 8.0MM (fornecimento, corte, dobra e colocação)","KG",176.1,17.420000000000002,0.2034,20.96,3691.06,92777,"SINAPI-C"]
[null,"1.4","Armadura CA-50 - 10.0MM (fornecimento, corte, dobra e colocação)","KG",118.8,15.54,0.2034,18.7,2221.56,92778,"SINAPI-C"]
[null,"1.6","Concreto Feito no Local, Fck= 25MPa (fornecimento, lançamento e adensamento)","M3",5.98,548.64,0.2034,660.23,3948.18,"CED002","COMPOSIÇÃO"]
[null,"1.7","Blocos de Concreto 14x19x39cm, FBK=4MPa (fornecimento e assentamento)","M2",21.44,70.27,0.2034,84.56,1812.97,89454,"SINAPI-C"]
[null,2,"DRENAGEM 01",null,null,null,null,null,2662.27]
[null,"2.1","Brita n°2 (fornecimento e lançamento)","M3",14,115.12,0.2034,138.54,1939.56,"73883/2","SINAPI-C"]
[null,"2.2","Manta Geotêxtil 200 g/m³","M2",50,6.56,0.2034,7.89,394.5,"73881/1","SINAPI-C"]
[null,"2.3","Tubo Perfurado Corrugado PEAD 4\" - 100mm","M",23,11.86,0.2034,14.27,328.21,"CED004","COMPOSIÇÃO"]
[null,3,"MURO 02",null,null,null,null,null,27711.919999999998]
[null,"3.1","Forma de Madeira Serrada para Concreto, (material e mão-de-obra para fabricação, montagem e desforma)","M2",63.96,60.1,0.2034,72.319999999999993,4625.59,"CED003","COMPOSIÇÃO"]
[null,"3.2","Armadura CA-60 - 5.0MM (fornecimento, corte, dobra e colocação)","KG",75.5,19.7,0.2034,23.71,1790.11,92775,"SINAPI-C"]
[null,"3.3","Armadura CA-50 - 8.0MM (fornecimento, corte, dobra e colocação)","KG",257.7,17.420000000000002,0.2034,20.96,5401.39,92777,"SINAPI-C"]
[null,"3.4","Armadura CA-50 - 10.0MM (fornecimento, corte, dobra e colocação)","KG",137.4,15.54,0.2034,18.7,2569.38,92778,"SINAPI-C"]
[null,"3.5","Armadura CA-50 - 12.5MM (fornecimento, corte, dobra e colocação)","KG",199,12.51,0.2034,15.05,2994.95,95578,"SINAPI-C"]
[null,"3.6","Concreto Feito no Local, Fck= 25MPa (fornecimento, lançamento e adensamento)","M3",11.2,548.64,0.2034,660.23,7394.58,"CED002","COMPOSIÇÃO"]
[null,"3.7","Blocos de Concreto 14x19x39cm, FBK=4MPa (fornecimento e assentamento)","M2",34.720000000000006,70.27,0.2034,84.56,2935.92,89454,"SINAPI-C"]
[null,4,"DRENAGEM 02",null,null,null,null,null,3963.31]
[null,"4.1","Brita n°2 (fornecimento e lançamento)","M3",22,115.12,0.2034,138.54,3047.88,"73883/2","SINAPI-C"]
[null,"4.2","Manta Geotêxtil 200 g/m³","M2",69,6.56,0.2034,7.89,544.41,"73881/1","SINAPI-C"]
[null,"4.3","Tubo Perfurado Corrugado PEAD 4\" - 100mm","M",26,11.86,0.2034,14.27,371.02,"CED004","COMPOSIÇÃO"]
[]
[null,null,null,null,null,null,null,"TOTAL:",48937.45]
[]
[]
[null,1,"Declaro que os encargos sociais e complementares para mão de obra, horista e mensalista, sem desoneração, atendem ao estabelecido no SINAPI para SC."]
[]
[null,2,"Declaro que para esta planilha, foi verificado que a alternativa mais adequada para a Administração Pública, é a utilização da planilha SEM DESONERAÇÃO."]
[]
[null,"Rio do Sul,","2021-08-04"]

{"sheet":"DADOS GERAIS","index":1,"n_rows":20,"n_cols":2,"rows_kept":20,"cut":false,"hidden":true,"merged":[]}
["Tipo de Orçamento:","ORÇAMENTO ANALÍTICO"]
["Obra:","MUROS DE CONTENÇÃO DA CASA MORTUÁRIA"]
["Proprietário:","Prefeitura Municipal de Vitor Meireles"]
["Endereço:","RUA SÃO SEBASTIÃO ESQUINA COM A RUA IRMA RUTZEN- CENTRO- VITOR MEIRELES /SC"]
["Descrição:"]
["Área Construida: "]
[]
[]
[]
[]
["Resumo das Áreas:",""]
["BDI:","20,34%"]
["Data Base:","JUN/2021"]
["Referência Orçamento:","SINAPI - JUNHO/2021 - SEM DESONERAÇÃO - DATA DE EMISSÃO: 15/07/2021 00:09:37 - DATA DE RT: 14/07/2021"]
[]
["Revisão:","R04"]
[]
["Curva ABC:","A = 0% à 80%; B = 80% à 95%; C = 95% à 100%"]
["A-B",0.8]
["B-C",0.95]